Stedman's medical dictionary : Illustrated in color

This medical reference contains over 100,000 entries. This edition features: 12,000 new terms; 125 high-profile terms with expanded definitions; English translations of Latin terms; 29 anatomical charts; subentries; and a word-finder.

Shranjeno v:
Bibliografske podrobnosti
Glavni avtor: Stedman, Thomas Lathrop
Format: Knjiga
Jezik:Undetermined
Izdano: Baltimore Williams & Wilkins 1995
Teme:
Oznake: Označite
Brez oznak, prvi označite!
Thư viện lưu trữ: Trung tâm Học liệu Trường Đại học Cần Thơ
LEADER 00946nam a2200229Ia 4500
001 CTU_158450
008 210402s9999 xx 000 0 und d
020 |c 10 
082 |a 610.3 
082 |b S812 
100 |a Stedman, Thomas Lathrop 
245 0 |a Stedman's medical dictionary : 
245 0 |b Illustrated in color 
245 0 |c Thomas Lathrop Stedman 
260 |a Baltimore 
260 |b Williams & Wilkins 
260 |c 1995 
520 |a This medical reference contains over 100,000 entries. This edition features: 12,000 new terms; 125 high-profile terms with expanded definitions; English translations of Latin terms; 29 anatomical charts; subentries; and a word-finder. 
650 |a Medicine,Medicine,Thuốc ( Y khoa ),Thuốc ( Y khoa ) 
650 |x Dictionaries,Dictionary,English,Từ điển,Từ điển,Triếng Anh 
904 |i Anh Tho,QHieu 
980 |a Trung tâm Học liệu Trường Đại học Cần Thơ